000 00545nam a2200193 a 4500
001 16433
005 20180713205350.0
008 140415s1987 000 0 spa d
020 _a8474901642
041 _aspa
082 _a181.115
_bSCH
100 1 _aSCHMITZ, HEINZ R.
245 1 0 _aPROGESO SOCIAL Y REVOLUCION :
_bLA ILUSION DIALECTICA
260 _a[s.l.] :
_bEDICIONES ENCUENTRO,
_c1987
300 _a145
490 _aLIBROS DE BOLSILLO
_v37
650 1 4 _aDIALECTICA
700 1 _aROSON ALONSO, ANTONIO-GABRIEL
_etr.
999 _c16433
_d16433